Statistics for Top 10 Countries with Muslim Population with more 500,000

Click here to take the quiz!

General Stats

  • This quiz has been taken 33 times
  • The average score is 8 of 10

Answer Stats

Answer% Correct
Iran
93%
Pakistan
93%
Egypt
90%
Algeria
86%
Turkey
86%
India
83%
Indonesia
79%
Nigeria
76%
Sudan
69%
Bangladesh
66%

Score Distribution

Percentile by Number Answered

Percent of People with Each Score

Your Score History

You have not taken this quiz